| 000 | 01485cam a2200229 4500500 | ||
|---|---|---|---|
| 005 | 20260111081014.0 | ||
| 041 | _afre | ||
| 042 | _adc | ||
| 100 | 1 | 0 |
_aSindres, David _eauthor |
| 245 | 0 | 0 | _aLe déséquilibre créé par une clause attributive de compétence à l’épreuve de l’article 25 du règlement Bruxelles I bis |
| 260 | _c2025. | ||
| 500 | _a15 | ||
| 520 | _aAux termes de l’article 25.1 du règlement Bruxelles I bis, si les parties, sans considération de leur domicile, sont convenues d’une juridiction ou de juridictions d’un État membre pour connaître des différends nés ou à naître à l’occasion d’un rapport de droit déterminé, ces juridictions sont compétentes, sauf si la validité de la convention attributive de juridiction est entachée de nullité quant au fond selon le droit de cet État membre. | ||
| 690 | _aArticle 25 | ||
| 690 | _aDéséquilibre contractuel | ||
| 690 | _aLa reconnaissance et l’exécution des décisions en matière civile et commerciale (bruxelles i bis) | ||
| 690 | _aLoi applicable à la clause attributive de compétence | ||
| 690 | _aLoi de police | ||
| 690 | _aRèglement (ue) no 1215/2012 concernant la compétence judiciaire | ||
| 786 | 0 | _nRevue critique de droit international privé | Juillet-Septembre | 3 | 2025-12-09 | p. 189-203 | 0035-0958 | |
| 856 | 4 | 1 | _uhttps://droit.cairn.info/revue-revue-critique-de-droit-international-prive-2025-3-page-189?lang=fr&redirect-ssocas=7080 |
| 999 |
_c1616760 _d1616760 |
||